000 00449nam a2200181Ia 4500
001 3652
005 20260306145659.0
008 260306t2000||||xx |||||||||||||| ||spa||
041 _aESP
082 _a301
_bG35
100 _aGelles, Richard J.
_eAUT
245 0 _aSociología:
_bcon aplicaciones en países de habla hispana
260 _c2000
300 _a736 páginas :
_c25 cm.
650 _aGEN
654 _aCHU
942 _cLIB
_dJUS
_fJUS
_2ddc
_n
999 _c3652
_d3652